000 01210nam a22003370a 4500
001 PT22654
003 AR-LpoUNG
005 20210131233108.0
008 191001s2005||||ag |||||||||||||||||spa d
020 _a9502313585
_c$5,10
040 _aAR-LpoUNG
_bspa
_cAR-LpoUNG
_eaacr
041 _aspa
044 _aag
082 0 _a407 162med
100 1 _aGallardo, Susana
245 1 4 _aLos médicos recomiendan :
_bun estudio de las notas periodísticas sobre salud
250 _a1ra. ed.
260 _aBuenos Aires :
_bEUDEBA,
_c2005.
300 _a214 p. :
_bmapas
520 _aIndaga desde una perspectiva lingüística las estrategias puestas en juego en la prensa a fin de lograr una comunicación eficaz con el público en temas, por un lado, complejos -por tratarse de un saber especializado- y, por otro, delicados -pues la salud se relaciona con la vida privada de las personas.
650 4 _aCOMUNICACION
650 4 _aINFORMACION CIENTIFICA
650 4 _aLINGÜISTICA
650 4 _aMEDIOS DE COMUNICACION DE MASAS
650 4 _aSALUD
650 4 _aSOCIEDAD
651 4 _aDOCUMENTOS TEORICOS O METODOLOGICOS
653 _aCOMPRENSION LECTORA
905 _a22654
942 _cLSALA
999 _c19136
_d19136